Microbiology international edition (Record no. 3807)
[ view plain ]
| 000 -LEADER | |
|---|---|
| fixed length control field | 00343nam a22001337a 4500 |
| 008 - FIXED-LENGTH DATA ELEMENTS--GENERAL INFORMATION | |
| fixed length control field | 250605b |||||||| |||| 00| 0 eng d |
| 020 ## - INTERNATIONAL STANDARD BOOK NUMBER | |
| ISBN | 9789785897968 |
| 245 ## - TITLE STATEMENT | |
| Title | Microbiology international edition |
| 260 ## - PUBLICATION, DISTRIBUTION, ETC. (IMPRINT) | |
| Place of publication | Nigeria |
| Name of publisher | Malthouse press limited |
| Date of publication | 2021 |
| 300 ## - COLLATION | |
| Pagination | 655p |
| 650 ## - TRACINGS | |
| Main Subject | Mocrobiology |
| 942 ## - ADDED ENTRY ELEMENTS (KOHA) | |
| Item type | Books |
| 050 ## - LIBRARY OF CONGRESS CALL NUMBER | |
| Classification number | QR 46 |
| Item number | .M 53 |
| Source of classification or shelving scheme | Not for loan | Permanent location | Current location | Date acquired | Accession No. | Full call number | Barcode. | Koha item type |
|---|---|---|---|---|---|---|---|---|
| Library of Congress Classification | Environmental Sciences Library | Engineering Library | 06/23/2025 | 2025/64982-83 | QR412.2.M53 | 2025-2614 | Books | |
| Library of Congress Classification | Samuel Ogbemudia Main Library, University of Abuja | Samuel Ogbemudia Main Library, University of Abuja | 06/05/2025 | 2024/62324 | QR 46.M 53 | 2025-2422 | Books |